Detalles MARC
| 000 -LÍDER |
| Campo fijo de descripción fija |
01196aam a2200289 i 4500 |
| 001 - NÚMERO DE CONTROL |
| Campo de control |
18662 |
| 003 - IDENTIFICADOR DEL NÚMERO DE CONTROL |
| Campo de control |
CO-MdFUSB |
| 005 - FECHA Y HORA DE LA ULTIMA TRANSACCIÓN |
| control field |
20180810074322.0 |
| 008 - ELEMENTOS DE LONGITUD FIJA -- INFORMACIÓN GENERAL |
| Campo fijo de descripción fija -- Información general |
180810b xxu||||| |||| 00| 0 eng d |
| 020 ## - NÚMERO INTERNACIONAL NORMALIZADO PARA LIBROS |
| Número Internacional Normalizado del libro |
978-0-8297-5967-9 |
| 040 ## - FUENTE DE CATALOGACIÓN |
| Agencia de catalogación original |
CO-MdFUSB |
| Idioma de catalogación |
spa |
| Agencia que realiza la transcripción |
CO-MdFUSB |
| Agencia que realiza la modificación |
CO-MdFUSBC |
| Convenciones de la descripción |
rda |
| 041 ## - CÓDIGO DE IDIOMA |
| Código de idioma para texto/pista de sonido o título separado |
spa |
| 082 04 - NÚMERO DE CLASIFICACIÓN DECIMAL DEWEY |
| Número de clasificación |
R 225.7 C65z |
| 100 1# - ASIENTO PRINCIPAL--NOMBRE PERSONAL |
| Nombre personal |
Keener, Craig |
| Término relacionador |
autor. |
| 245 10 - TÍTULO |
| Título del Material |
Apocalipsis |
| Parte restante del título - Subtitulo |
: del texto bíblico a una aplicación contemporánea. |
| Mención de responsabilidad, etc. |
/ Craig Keener ; traducido por Pedro L. Gómez Flores ; editado por Loida Viegas Fernández y Juan Carlos Martín Cobano |
| 264 #1 - PRODUCCIÓN, PUBLICACIÓN, DISTRIBUCIÓN, MANUFACTURA, Y COPYRIGHT |
| Lugar de producción, publicación, distribución, manufactura |
Miami, Florida : |
| Nombre del productor, publicador, distribuidor |
Vida, |
| Fecha de producción, publicación, distribución, manufactura, o copyright |
[2013] |
| 264 #4 - PRODUCCIÓN, PUBLICACIÓN, DISTRIBUCIÓN, MANUFACTURA, Y COPYRIGHT |
| Fecha de producción, publicación, distribución, manufactura, o copyright |
©2013 |
| 300 ## - DESCRIPCIÓN FÍSICA |
| Extensión |
624 páginas |
| Dimensiones |
; 24 |
| 336 ## - TIPO DE CONTENIDO |
| Fuente |
rdacontent |
| Término de tipo de contenido |
texto |
| Código de tipo de contenido |
txt |
| 337 ## - TIPO DE MEDIO |
| Fuente |
rdamedia |
| Nombre del tipo de medio |
sin mediación |
| Código del tipo de medio |
n |
| 338 ## - TIPO DE SOPORTE |
| Fuente |
rdacarrier |
| Nombre del tipo de soporte |
volumen |
| Código Tipo de soporte |
nc |
| 500 ## - NOTA GENERAL |
| Nota General |
Título original en inglés: The NVI Application commentary: Revelation |
| 501 ## - NOTA DE “CON” |
| Nota de Contenido |
pasta dura |
| 505 0# - NOTA DE CONTENIDO |
| Nota de contenido con formato preestablecido |
Introducción a la serie CBA NVI -- Prefacio del editor -- Prefacio del autor -- Abreviaturas -- Introducción a Apocalipsis -- Bosquejo -- Bibliografía comentada -- Texto y comentario de Apocalipsis |
| 630 07 - TITULO UNIFORME |
| Título uniforme |
Biblia. |
| Nombre de parte o sección de la obra |
Apocalipsis |
| Subdivisión de forma |
Comentarios. |
| 942 ## - TIPO DE MATERIAL (KOHA) |
| Tipo de Item KOHA |
Libros General |